Les personnages de Mathieu Hidalf ! - Statistiques

Statistiques générales
  • Ce quiz a été pris 122 fois
    120 depuis la dernière actualisation
  • Le résultat moyen est 30 sur 53
Statistiques - réponses
hint answer % Correct
1 Mathieu Hidalf
100%
2 Juliette d'Or Hidalf
98%
3 Juliette d'Argent Hidalf
95%
4 Juliette d'Airain Hidalf
93%
14 Louis Serra / Capitaine Louis Serra
86%
7 Pierre Chapelier
86%
5 Emma Hidalf / Mme Hidalf
83%
31 Le Grand Busier / Le roi
83%
9 Roméo Pompous
83%
20 Maitre Barjaut Magimel / Comte Boidecoeur
79%
6 Rigor Hidalf / Le sous consul de Darnar
79%
10 Marie Marie du Château Boisé
76%
15 Armance Dacourt / Comtesse Dacourt
74%
37 Tom Lepage
74%
8 Octave Jurençon
71%
17 Robin Tilleul
71%
19 Tristan Boidoré
71%
16 Julius Maxima
69%
53 Bougetou
67%
42 William Estaffes
67%
41 Tybalt Estaffes
64%
43 Les autres frères Estaffes
62%
28 Mme Chapelier
62%
30 Méphistos Pompous / Le sous consul du Soleil
60%
29 Anna Pompous / Mme Pompous
57%
51 Poildor / Griffrigor
57%
32 Grand mère édentée / Sorcière Prospérine
55%
52 La Foudre Fantôme
55%
11 Stadir Origan
52%
48 Adelaïde
50%
39 Lucille Bertier
50%
33 Mage Poucet Bergamote
50%
18 Olivier Tilleul
50%
12 Ariane Origan
45%
25 John Mid
45%
38 Clémentin Roitelet
43%
46 Javotte
43%
40 Guillaume Laminerve
40%
21 Peter de Nemours
40%
47 Pimprenelle
38%
49 Aurore
36%
44 Circé
36%
24 Comte Dacourt
36%
26 Gladys Andersen / la Faiseuse de lits
33%
34 Armémon Du Lac
31%
36 Arthur du Château Boisé
31%
13 Timothée
31%
35 Duc Hector
29%
45 Le docteur Boitabon
29%
23 Baron Hudson
26%
22 Docteur Soupont
26%
50 Aile de feu
21%
27 Jean de Courselles
21%
Aucun quiz correspondant
Distribution des résultats
% des personnes avec chaque résultat
Percentile par nombre de réponses
Votre historique - résultats
Vous n’avez pas pris ce quiz depuis la dernière actualisation